THE CHRISTMAS PIG (Record no. 8813)
[ view plain ]
| 000 -LEADER | |
|---|---|
| fixed length control field | 00346nam a22001457a 4500 |
| 020 ## - INTERNATIONAL STANDARD BOOK NUMBER | |
| ISBN | 978-1-4449-6493-6 |
| 082 ## - DEWEY DECIMAL CLASSIFICATION NUMBER | |
| Classification number | 823 |
| Item number | ROW/C |
| 100 ## - MAIN ENTRY--AUTHOR NAME | |
| Personal name | ROWLING,J K |
| 245 ## - TITLE STATEMENT | |
| Title | THE CHRISTMAS PIG |
| 246 ## - VARYING FORM OF TITLE | |
| Title proper/short title | THE CHRISTMAS PIG |
| Remainder of title | THE CHRISTMAS PIG |
| 260 ## - PUBLICATION, DISTRIBUTION, ETC. (IMPRINT) | |
| Place of publication | U K |
| Name of publisher | LITTLE BROWN BOOKS |
| Year of publication | 2021 |
| 300 ## - PHYSICAL DESCRIPTION | |
| Number of Pages | 312 |
| 650 ## - SUBJECT ADDED ENTRY--TOPICAL TERM | |
| Topical Term | ENGLISH FICTION |
| 942 ## - ADDED ENTRY ELEMENTS (KOHA) | |
| Koha item type | Books |
No items available.